It looks like you're offline.
Open Library logo
additional options menu

MARC Record from Scriblio

Record ID marc_records_scriblio_net/part09.dat:108412913:427
Source Scriblio
Download Link /show-records/marc_records_scriblio_net/part09.dat:108412913:427?format=raw

LEADER: 00427nam 2200157 i 4500
001 76150264
003 DLC
005 19761110000000.0
008 761108s1976 txu 00010 eng
010 $a 76150264
050 0 $aPS3563.A2914$bC3
082 $a811/.5/4
100 10 $aMcDonald, Walter.
245 10 $aCaliban in blue, and other poems /$cWalter McDonald.
260 0 $aLubbock :$bTexas Tech Press,$cc1976.
300 $ax, 51 p. ;$c21 cm.